书目信息 |
| 题名: |
美人鱼的国度--波兰
|
|
| 作者: | 金涛 , 文有仁 主编 | |
| 分册: | ||
| 出版信息: | 北京 科学普及出版社 1998.01 |
|
| 页数: | 195页 | |
| 开本: | 32开 | |
| 丛书名: | ||
| 单 册: | ||
| 中图分类: | K951.3 | |
| 科图分类: | ||
| 主题词: | 地理 | |
| 电子资源: | ||
| ISBN: | 7-110-04396-7 | |
| 000 | 00590nam0 2200205 45 | |
| 001 | 0010251979 | |
| 005 | 20001025192609.3 | |
| 010 | @a7-110-04396-7@d9.00元 | |
| 100 | @a20001025d1998 km y0chiy0120 ea | |
| 101 | 0 | @achi |
| 105 | @a z 000yy | |
| 200 | 1 | @a美人鱼的国度--波兰@AMei Ren Yu De Guo Du--Bo Lan@f金涛,文有仁主编@FJin Tao,Wen You Ren Zhu Bian |
| 210 | @a北京@c科学普及出版社@d1998.01 | |
| 215 | @a195页@d32开 | |
| 606 | 0 | @a地理 |
| 690 | @aK951.3@v3 | |
| 701 | 0 | @a金涛@4主编 |
| 701 | 0 | @a文有仁@4主编 |
| 801 | @aCN@bPftUser@c20001025 | |
| 905 | @b189383-387@dK951.3@eW721@f5 | |
| 美人鱼的国度--波兰/金涛,文有仁主编.-北京:科学普及出版社,1998.01 |
| 195页;32开 |
| ISBN 7-110-04396-7:9.00元 |
| ● |
| 相关链接 |
|
|
|
正题名:美人鱼的国度--波兰
索取号:K951.3/W721
 
预约/预借
| 序号 | 登录号 | 条形码 | 馆藏地/架位号 | 状态 | 备注 |
| 1 | 189383 | 201893834 | 社科库309/309社科库 27排4列2层/ [索取号:K951.3/W721] | 在馆 | |
| 2 | 189384 | 201893843 | 社科库309/309社科库 27排4列2层/ [索取号:K951.3/W721] | 在馆 | |
| 3 | 189385 | 201893852 | 社科库309/309社科库 27排4列2层/ [索取号:K951.3/W721] | 在馆 | |
| 4 | 189386 | 201893861 | 社科库309/309社科库 27排4列2层/ [索取号:K951.3/W721] | 在馆 | |
| 5 | 189387 | 201893870 | 社科库309/309社科库 27排4列2层/ [索取号:K951.3/W721] | 在馆 |